[Event "African Games-chT 2019"]
[Site "Casablanca"]
[Date "2019.08.25"]
[Round "8.14"]
[White "Mphungu, Gerrard"]
[Black "Eichab, Charles"]
[Result "1-0"]
[WhiteElo "2107"]
[BlackElo "2016"]
[Annotator "NA"]
[PlyCount "63"]
[EventDate "2019.08.24"]
[EventType "team-tourn"]
[EventCountry "MAR"]
[SourceTitle "playchess.com"]
[Source "ChessBase"]
[SourceQuality "1"]
[WhiteTeam "MAW"]
[BlackTeam "Namibia"]
[BlackTeamCountry "NAM"]
[TimeControl "900+10"]

1. d4 {[%emt 0:00:00]} Nf6 {[%emt 0:00:00]} 2. c4 {[%emt 0:00:00]} e6 {[%emt 0:00:00]} 3. Nc3 {[%emt 0:00:00]} Bb4 {[%emt 0:00:01]} 4. Qc2 {[%emt 0:00:00]} Bxc3+ {[%emt 0:00:18]} 5. Qxc3 {[%emt 0:00:05]} b6 {[%emt 0:00:05]} 6. Qg3 {[%emt 0:02:51]} O-O {[%emt 0:00:51]} 7. Bh6 {[%emt 0:01:16]} Ne8 {[%emt 0:00:04]} 8. Bg5 {[%emt 0:01:19]} f6 {[%emt 0:00:57]} 9. Bd2 {[%emt 0:00:35]} d5 {[%emt 0:03:00]} 10. e3 {[%emt 0:01:29]} Ba6 {[%emt 0:01:38]} 11. b3 {[%emt 0:02:24]} Nd6 {[%emt 0:00:07]} 12. Qh3 {[%emt 0:01:15]} Qe7 {[%emt 0:02:32]} 13. Bd3 {[%emt 0:00:49]} f5 {[%emt 0:01:25]} 14. Rc1 {[%emt 0:01:31]} Nd7 {[%emt 0:02:19]} 15. Ne2 {[%emt 0:01:20]} e5 {[%emt 0:00:57]} 16. Bb4 {[%emt 0:01:09]} c5 {[%emt 0:00:21]} 17. dxc5 {[%emt 0:00:10]} bxc5 {[%emt 0:00:03]} 18. Ba3 {[%emt 0:00:29]} e4 {[%emt 0:00:08]} 19. Bc2 {[%emt 0:00:23]} dxc4 {[%emt 0:00:42]} 20. bxc4 {[%emt 0:00:05]} Bxc4 {[%emt 0:01:40]} 21. Bb3 {[%emt 0:00:04]} Bxb3 {[%emt 0:00:10]} 22. axb3 {[%emt 0:00:01]} Ne5 {[%emt 0:00:17]} 23. O-O {[%emt 0:00:49]} Nd3 {[%emt 0:00:02]} 24. Rcd1 {[%emt 0:00:21]} Nb5 {[%emt 0:00:07]} 25. Bc1 {[%emt 0:00:09]} Qe6 {[%emt 0:00:21]} 26. Nf4 {[%emt 0:00:10]} Qxb3 {[%emt 0:00:15]} 27. Nxd3 {[%emt 0:00:04]} exd3 {[%emt 0:00:03]} 28. Bd2 {[%emt 0:00:15]} Nc3 {[%emt 0:00:43]} 29. Bxc3 {[%emt 0:00:07]} Qxc3 {[%emt 0:00:01]} 30. Qf3 {[%emt 0:00:12]} Qc4 {[%emt 0:00:27]} 31. Rc1 {[%emt 0:00:08]} Qe4 {[%emt 0:00:22]} 32. Rxc5 {[%emt 0:00:25]} 1-0

[Event "African Games-chT 2019"]
[Site "Casablanca"]
[Date "2019.08.25"]
[Round "8.15"]
[White "Tjaronda, Nicola"]
[Black "Nkhoma, Desiderata"]
[Result "1-0"]
[WhiteElo "1545"]
[BlackElo "1481"]
[Annotator "NA"]
[PlyCount "127"]
[EventDate "2019.08.24"]
[EventType "team-tourn"]
[EventCountry "MAR"]
[SourceTitle "playchess.com"]
[Source "ChessBase"]
[SourceQuality "1"]
[WhiteTeam "Namibia"]
[BlackTeam "MAW"]
[WhiteTeamCountry "NAM"]
[TimeControl "900+10"]

1. c4 {[%emt 0:00:00]} e5 {[%emt 0:00:00]} 2. g3 {[%emt 0:00:00]} Nf6 {[%emt 0:00:00]} 3. Bg2 {[%emt 0:00:00]} Be7 {[%emt 0:00:10]} 4. d3 {[%emt 0:00:04]} O-O {[%emt 0:00:04]} 5. Nc3 {[%emt 0:00:02]} c6 {[%emt 0:00:07]} 6. Nf3 {[%emt 0:00:10]} d6 {[%emt 0:00:09]} 7. O-O {[%emt 0:00:18]} Be6 {[%emt 0:00:17]} 8. b3 {[%emt 0:00:40]} Qd7 {[%emt 0:00:03]} 9. Ng5 {[%emt 0:00:17]} Bf5 {[%emt 0:00:15]} 10. Nge4 {[%emt 0:01:14]} Bh3 {[%emt 0:01:08]} 11. Bg5 {[%emt 0:01:34]} Bxg2 {[%emt 0:00:22]} 12. Kxg2 {[%emt 0:00:01]} Nxe4 {[%emt 0:00:13]} 13. Nxe4 {[%emt 0:00:01]} Bxg5 {[%emt 0:01:33]} 14. Nxg5 {[%emt 0:00:01]} Qf5 {[%emt 0:00:17]} 15. Ne4 {[%emt 0:00:52]} Nd7 {[%emt 0:00:45]} 16. Nxd6 {[%emt 0:00:53]} Qe6 {[%emt 0:00:59]} 17. Nxb7 {[%emt 0:01:44]} Nf6 {[%emt 0:00:59]} 18. Nc5 {[%emt 0:00:35]} Qd6 {[%emt 0:01:28]} 19. Ne4 {[%emt 0:00:33]} Nxe4 {[%emt 0:00:41]} 20. dxe4 {[%emt 0:00:03]} Qf6 {[%emt 0:01:09]} 21. Qc2 {[%emt 0:00:29]} h5 {[%emt 0:00:32]} 22. h4 {[%emt 0:00:50]} Rad8 {[%emt 0:00:46]} 23. Rad1 {[%emt 0:00:05]} g5 {[%emt 0:00:24]} 24. hxg5 {[%emt 0:00:39]} Qxg5 {[%emt 0:00:02]} 25. Qc1 {[%emt 0:01:50]} Qg6 {[%emt 0:00:40]} 26. Qe3 {[%emt 0:01:53]} Kg7 {[%emt 0:02:29]} 27. Rxd8 {[%emt 0:01:27]} Rxd8 {[%emt 0:00:06]} 28. Rh1 {[%emt 0:00:06]} Rh8 {[%emt 0:00:29]} 29. Kf1 {[%emt 0:00:18]} a6 {[%emt 0:00:33]} 30. f4 {[%emt 0:00:25]} exf4 {[%emt 0:02:42]} 31. gxf4 {[%emt 0:00:03]} Qd6 {[%emt 0:00:12]} 32. Kf2 {[%emt 0:01:01]} Kf8 {[%emt 0:00:13]} 33. e5 {[%emt 0:00:15]} Qe6 {[%emt 0:00:27]} 34. Qd2 {[%emt 0:00:07]} Qe7 {[%emt 0:00:15]} 35. Qd6 {[%emt 0:00:05]} Qxd6 {[%emt 0:00:03]} 36. exd6 {[%emt 0:00:01]} Ke8 {[%emt 0:00:02]} 37. e4 Kd7 {[%emt 0:00:19]} 38. e5 {[%emt 0:00:06]} h4 {[%emt 0:00:11]} 39. Rh3 {[%emt 0:00:20]} f6 {[%emt 0:00:14]} 40. Ke3 {[%emt 0:00:08]} fxe5 {[%emt 0:00:05]} 41. fxe5 {[%emt 0:00:03]} Ke6 {[%emt 0:00:02]} 42. Ke4 {[%emt 0:00:02]} Rh7 {[%emt 0:00:03]} 43. b4 {[%emt 0:00:36]} Rh5 {[%emt 0:00:06]} 44. Kd4 {[%emt 0:00:12]} Rh7 {[%emt 0:00:22]} 45. a4 {[%emt 0:00:08]} Rh8 {[%emt 0:00:07]} 46. b5 {[%emt 0:00:06]} cxb5 {[%emt 0:00:14]} 47. cxb5 {[%emt 0:00:10]} axb5 {[%emt 0:00:05]} 48. axb5 {[%emt 0:00:01]} Rb8 {[%emt 0:00:26]} 49. Rxh4 {[%emt 0:01:23]} Rxb5 {[%emt 0:00:02]} 50. Rh6+ {[%emt 0:00:01]} Kd7 {[%emt 0:00:13]} 51. Ke4 {[%emt 0:00:14]} Ra5 {[%emt 0:00:12]} 52. Kf5 {[%emt 0:00:07]} Ra1 {[%emt 0:00:04]} 53. Rh7+ {[%emt 0:00:25]} Kd8 {[%emt 0:00:12]} 54. Ke6 {[%emt 0:00:13]} Kc8 {[%emt 0:00:16]} 55. Rh8+ {[%emt 0:00:12]} Kb7 {[%emt 0:00:04]} 56. d7 {[%emt 0:00:20]} Ra6+ {[%emt 0:00:18]} 57. Ke7 {[%emt 0:00:04]} Ra7 {[%emt 0:00:09]} 58. d8=Q {[%emt 0:00:11]} Ka6+ {[%emt 0:00:09]} 59. Ke6 {[%emt 0:00:02]} Rb7 {[%emt 0:00:08]} 60. Kf5 {[%emt 0:00:13]} Ka7 {[%emt 0:00:09]} 61. Qa8+ {[%emt 0:00:05]} Kb6 {[%emt 0:00:06]} 62. Rh6+ {[%emt 0:00:02]} Kc7 {[%emt 0:00:07]} 63. Rh7+ {[%emt 0:00:17]} Kb6 {[%emt 0:00:03]} 64. Qxb7+ 1-0

[Event "African Games-chT 2019"]
[Site "Casablanca"]
[Date "2019.08.25"]
[Round "8.16"]
[White "Msukwa, Tupokiwe"]
[Black "Mentile, Lishen"]
[Result "1-0"]
[WhiteElo "1289"]
[BlackElo "1513"]
[Annotator "NA"]
[PlyCount "139"]
[EventDate "2019.08.24"]
[EventType "team-tourn"]
[EventCountry "MAR"]
[SourceTitle "playchess.com"]
[Source "ChessBase"]
[SourceQuality "1"]
[WhiteTeam "MAW"]
[BlackTeam "Namibia"]
[BlackTeamCountry "NAM"]
[TimeControl "900+10"]

1. d4 {[%emt 0:00:00]} d5 {[%emt 0:00:00]} 2. c4 {[%emt 0:00:00]} c6 {[%emt 0:00:00]} 3. e3 {[%emt 0:00:00]} Nf6 {[%emt 0:00:00]} 4. Nc3 {[%emt 0:00:06]} Bf5 {[%emt 0:00:02]} 5. Nf3 {[%emt 0:00:07]} Nbd7 {[%emt 0:00:11]} 6. a3 {[%emt 0:00:06]} h6 {[%emt 0:00:23]} 7. c5 {[%emt 0:00:17]} Qc7 {[%emt 0:01:27]} 8. h3 {[%emt 0:00:17]} e6 {[%emt 0:01:35]} 9. b4 {[%emt 0:00:08]} a5 {[%emt 0:00:40]} 10. Bb2 {[%emt 0:00:05]} b6 {[%emt 0:01:28]} 11. Bd3 {[%emt 0:00:55]} Bxd3 {[%emt 0:02:32]} 12. Qxd3 {[%emt 0:00:06]} Be7 {[%emt 0:00:03]} 13. O-O {[%emt 0:00:44]} O-O {[%emt 0:00:01]} 14. e4 {[%emt 0:03:29]} dxe4 {[%emt 0:02:28]} 15. Nxe4 {[%emt 0:00:11]} Nxe4 {[%emt 0:00:14]} 16. Qxe4 {[%emt 0:00:06]} Nf6 {[%emt 0:00:02]} 17. Qe5 {[%emt 0:00:56]} Qb7 {[%emt 0:01:19]} 18. Bc3 {[%emt 0:02:57]} bxc5 {[%emt 0:00:18]} 19. bxc5 {[%emt 0:00:10]} Qd7 {[%emt 0:00:10]} 20. Rab1 {[%emt 0:00:10]} Nd5 {[%emt 0:00:10]} 21. Bd2 {[%emt 0:02:47]} Nf6 {[%emt 0:03:20]} 22. Rfe1 {[%emt 0:01:34]} Qd5 {[%emt 0:00:42]} 23. Qxd5 {[%emt 0:00:39]} Nxd5 {[%emt 0:00:24]} 24. Rb7 {[%emt 0:00:49]} Bf6 {[%emt 0:00:16]} 25. Reb1 {[%emt 0:00:59]} Ra6 {[%emt 0:00:36]} 26. Rb8 {[%emt 0:01:04]} Rxb8 {[%emt 0:00:00]} 27. Rxb8+ {[%emt 0:00:02]} Kh7 {[%emt 0:00:01]} 28. Rc8 {[%emt 0:00:26]} Ne7 {[%emt 0:00:34]} 29. Rc7 {[%emt 0:00:09]} Kg6 {[%emt 0:00:34]} 30. Ne5+ {[%emt 0:00:06]} Bxe5 {[%emt 0:00:01]} 31. dxe5 {[%emt 0:00:01]} Nd5 {[%emt 0:00:01]} 32. Rb7 {[%emt 0:00:03]} f6 {[%emt 0:00:21]} 33. exf6 {[%emt 0:00:02]} Kxf6 {[%emt 0:00:01]} 34. Bc1 {[%emt 0:00:10]} h5 {[%emt 0:00:25]} 35. Bb2+ {[%emt 0:00:05]} e5 {[%emt 0:00:07]} 36. f3 {[%emt 0:00:12]} g6 {[%emt 0:00:03]} 37. Kf2 {[%emt 0:00:05]} Ke6 {[%emt 0:00:11]} 38. Rg7 {[%emt 0:00:11]} Nf4 {[%emt 0:00:18]} 39. Rb7 {[%emt 0:00:11]} Nd5 {[%emt 0:00:04]} 40. Rg7 {[%emt 0:00:06]} Nf4 {[%emt 0:00:01]} 41. Rb7 {[%emt 0:00:07]} Nd5 {[%emt 0:00:01]} 42. Rg7 {[%emt 0:00:38]} Kf6 {[%emt 0:00:31]} 43. Rg8 {[%emt 0:00:06]} Kf7 {[%emt 0:00:16]} 44. Rc8 {[%emt 0:00:09]} Ke6 {[%emt 0:00:04]} 45. Bc1 {[%emt 0:00:14]} Kd7 {[%emt 0:00:20]} 46. Rg8 {[%emt 0:00:08]} Nf4 {[%emt 0:00:12]} 47. Bxf4 {[%emt 0:00:02]} exf4 48. Rxg6 Ra7 {[%emt 0:00:12]} 49. Rf6 {[%emt 0:00:26]} Ke8 {[%emt 0:00:15]} 50. Rxf4 {[%emt 0:00:03]} Rd7 {[%emt 0:00:11]} 51. Rf6 {[%emt 0:00:10]} Rd3 {[%emt 0:00:10]} 52. Rxc6 {[%emt 0:00:14]} Rxa3 {[%emt 0:00:07]} 53. Ra6 {[%emt 0:00:02]} Kd7 {[%emt 0:00:01]} 54. c6+ Kc7 55. f4 {[%emt 0:00:18]} h4 {[%emt 0:00:00]} 56. f5 {[%emt 0:00:02]} Ra2+ {[%emt 0:00:14]} 57. Kf3 {[%emt 0:00:03]} Ra3+ {[%emt 0:00:01]} 58. Kg4 {[%emt 0:00:03]} Rg3+ {[%emt 0:00:03]} 59. Kxh4 {[%emt 0:00:03]} Rxg2 {[%emt 0:00:00]} 60. f6 {[%emt 0:00:06]} Rf2 {[%emt 0:00:01]} 61. f7 {[%emt 0:00:18]} a4 {[%emt 0:01:06]} 62. Rxa4 {[%emt 0:00:26]} Kxc6 {[%emt 0:00:12]} 63. Ra7 {[%emt 0:00:05]} Kd6 {[%emt 0:00:09]} 64. Kg5 {[%emt 0:00:05]} Ke6 {[%emt 0:00:03]} 65. Kg6 {[%emt 0:00:06]} Rg2+ {[%emt 0:00:01]} 66. Kh7 {[%emt 0:00:08]} Rf2 {[%emt 0:00:05]} 67. Kg8 {[%emt 0:00:05]} Rg2+ {[%emt 0:00:01]} 68. Kf8 {[%emt 0:00:05]} Rg3 {[%emt 0:00:36]} 69. Re7+ {[%emt 0:00:06]} Kf6 {[%emt 0:00:13]} 70. Ke8 {[%emt 0:00:05]} 1-0

[Event "African Games-chT 2019"]
[Site "Casablanca"]
[Date "2019.08.25"]
[Round "8.17"]
[White "Aderito, Pedro"]
[Black "Hamdouchi, Hicham"]
[Result "1/2-1/2"]
[WhiteElo "2301"]
[BlackElo "2562"]
[Annotator "ChessBase"]
[PlyCount "140"]
[EventDate "2019.08.24"]
[EventType "team-tourn"]
[EventCountry "MAR"]
[SourceTitle "playchess.com"]
[Source "ChessBase"]
[SourceQuality "1"]
[WhiteTeam "Angola"]
[BlackTeam "Morocco"]
[WhiteTeamCountry "ANG"]
[BlackTeamCountry "MAR"]
[TimeControl "900+10"]

1. e4 {[%emt 0:00:00]} c5 {[%emt 0:00:00]} 2. Nf3 {[%emt 0:00:00]} Nc6 {[%emt 0:00:00]} 3. Nc3 {[%emt 0:00:10]} g6 {[%emt 0:00:00]} 4. Bb5 {[%emt 0:00:18]} Bg7 {[%emt 0:00:34]} 5. Bxc6 {[%emt 0:00:08]} dxc6 {[%emt 0:00:14]} 6. O-O {[%emt 0:00:19]} e5 {[%emt 0:00:08]} 7. d3 {[%emt 0:00:13]} Qe7 {[%emt 0:00:14]} 8. Re1 {[%emt 0:00:13]} Nf6 {[%emt 0:00:09]} 9. a3 {[%emt 0:00:46]} a5 {[%emt 0:00:16]} 10. b3 {[%emt 0:00:34]} Nd7 {[%emt 0:00:19]} 11. Be3 {[%emt 0:00:26]} b6 {[%emt 0:00:38]} 12. Qd2 {[%emt 0:04:00]} O-O {[%emt 0:00:10]} 13. h3 {[%emt 0:00:33]} Re8 {[%emt 0:00:09]} 14. Nh2 {[%emt 0:00:11]} Nf8 {[%emt 0:03:38]} 15. Na4 {[%emt 0:00:24]} Rb8 {[%emt 0:00:02]} 16. b4 {[%emt 0:00:13]} axb4 {[%emt 0:00:14]} 17. axb4 {[%emt 0:00:02]} Ne6 {[%emt 0:00:52]} 18. bxc5 {[%emt 0:00:10]} b5 {[%emt 0:00:02]} 19. Qb4 {[%emt 0:00:27]} f5 {[%emt 0:03:03]} 20. exf5 {[%emt 0:00:15]} gxf5 {[%emt 0:00:01]} 21. Nc3 {[%emt 0:00:57]} Kh8 {[%emt 0:02:50]} 22. Ne2 {[%emt 0:03:02]} Bf6 {[%emt 0:01:21]} 23. Kh1 {[%emt 0:00:19]} Rg8 {[%emt 0:00:20]} 24. Ra3 {[%emt 0:02:55]} Rb7 {[%emt 0:00:09]} 25. f4 {[%emt 0:01:18]} Qg7 {[%emt 0:01:27]} 26. Rg1 {[%emt 0:00:25]} exf4 {[%emt 0:00:03]} 27. Nxf4 {[%emt 0:00:04]} Nxf4 {[%emt 0:00:05]} 28. Bxf4 {[%emt 0:00:04]} Be6 {[%emt 0:00:05]} 29. d4 {[%emt 0:00:23]} Bxd4 {[%emt 0:00:29]} 30. Rg3 {[%emt 0:00:29]} Qf6 {[%emt 0:00:01]} 31. Nf3 {[%emt 0:00:11]} Bc3 {[%emt 0:00:56]} 32. Rxg8+ {[%emt 0:00:22]} Kxg8 {[%emt 0:00:03]} 33. Qa3 {[%emt 0:00:01]} Rd7 {[%emt 0:00:47]} 34. Qa8+ {[%emt 0:00:07]} Rd8 {[%emt 0:00:38]} 35. Qxc6 {[%emt 0:00:04]} Bd5 {[%emt 0:00:02]} 36. Qxb5 {[%emt 0:00:05]} Qe6 {[%emt 0:00:27]} 37. Ng5 {[%emt 0:00:33]} Qh6 {[%emt 0:00:02]} 38. Qb6 {[%emt 0:00:20]} Bf6 {[%emt 0:00:11]} 39. c4 {[%emt 0:00:04]} Bxg5 {[%emt 0:00:24]} 40. Qxh6 {[%emt 0:00:08]} Bxh6 {[%emt 0:00:01]} 41. Bxh6 {[%emt 0:00:03]} Be4 {[%emt 0:00:01]} 42. Bg5 {[%emt 0:00:21]} Rd3 {[%emt 0:00:04]} 43. Kh2 {[%emt 0:00:02]} Rc3 {[%emt 0:00:01]} 44. Rc1 {[%emt 0:00:06]} Ra3 {[%emt 0:00:00]} 45. Bf4 {[%emt 0:00:08]} Ra2 {[%emt 0:00:02]} 46. Rg1 {[%emt 0:00:16]} Rc2 {[%emt 0:00:02]} 47. Kg3 {[%emt 0:00:03]} Kf7 {[%emt 0:00:06]} 48. Bd6 {[%emt 0:00:05]} Ke6 {[%emt 0:00:15]} 49. h4 {[%emt 0:00:06]} h5 {[%emt 0:00:06]} 50. Bf8 {[%emt 0:00:10]} Ke5 {[%emt 0:00:21]} 51. Bg7+ {[%emt 0:00:11]} Ke6 {[%emt 0:00:01]} 52. Bf8 {[%emt 0:00:01]} Rxc4 {[%emt 0:00:14]} 53. Rf1 {[%emt 0:00:16]} Rc3+ {[%emt 0:00:01]} 54. Kf4 {[%emt 0:00:04]} Bxg2 {[%emt 0:00:13]} 55. Rb1 {[%emt 0:00:13]} Kf7 {[%emt 0:00:25]} 56. Rb8 {[%emt 0:00:09]} Be4 {[%emt 0:00:38]} 57. Bd6 {[%emt 0:00:28]} Ke6 {[%emt 0:00:15]} 58. Re8+ {[%emt 0:00:06]} Kd5 {[%emt 0:00:09]} 59. Rh8 {[%emt 0:00:04]} Bf3 {[%emt 0:00:31]} 60. Kxf5 {[%emt 0:00:15]} Bg4+ {[%emt 0:00:01]} 61. Kg5 {[%emt 0:00:01]} Rc4 {[%emt 0:00:18]} 62. Rxh5 {[%emt 0:00:28]} Bxh5 {[%emt 0:00:02]} 63. Kxh5 {[%emt 0:00:01]} Ke6 {[%emt 0:00:02]} 64. Kg5 {[%emt 0:00:03]} Kf7 {[%emt 0:00:09]} 65. h5 {[%emt 0:00:18]} Rd4 {[%emt 0:00:00]} 66. Kf5 {[%emt 0:00:12]} Rd5+ {[%emt 0:00:04]} 67. Kg4 {[%emt 0:00:28]} Kg7 {[%emt 0:00:06]} 68. Be7 {[%emt 0:00:10]} Kf7 {[%emt 0:00:06]} 69. Bd6 {[%emt 0:00:02]} Kg7 {[%emt 0:00:01]} 70. Be7 {[%emt 0:00:03]} Kf7 {[%emt 0:00:01]} 1/2-1/2

[Event "African Games-chT 2019"]
[Site "Casablanca"]
[Date "2019.08.25"]
[Round "8.18"]
[White "Tissir, Mohamed"]
[Black "Silva, David"]
[Result "0-1"]
[WhiteElo "2379"]
[BlackElo "2239"]
[Annotator "ChessBase"]
[PlyCount "70"]
[EventDate "2019.08.24"]
[EventType "team-tourn"]
[EventCountry "MAR"]
[SourceTitle "playchess.com"]
[Source "ChessBase"]
[SourceQuality "1"]
[WhiteTeam "Morocco"]
[BlackTeam "Angola"]
[WhiteTeamCountry "MAR"]
[BlackTeamCountry "ANG"]
[TimeControl "900+10"]

1. d4 {[%emt 0:00:00]} Nf6 {[%emt 0:00:31]} 2. Nf3 {[%emt 0:00:00]} g6 {[%emt 0:00:08]} 3. Nc3 {[%emt 0:00:08]} Bg7 {[%emt 0:00:02]} 4. e4 {[%emt 0:00:02]} d6 {[%emt 0:00:02]} 5. Be3 {[%emt 0:00:17]} c6 {[%emt 0:00:16]} 6. Bd3 {[%emt 0:00:04]} O-O {[%emt 0:00:04]} 7. h3 {[%emt 0:00:03]} b5 {[%emt 0:00:05]} 8. Ne2 {[%emt 0:00:55]} Nbd7 {[%emt 0:00:11]} 9. Ng3 {[%emt 0:00:04]} e5 {[%emt 0:00:02]} 10. c3 {[%emt 0:00:07]} a6 {[%emt 0:00:08]} 11. O-O {[%emt 0:00:19]} Bb7 {[%emt 0:00:04]} 12. Qd2 {[%emt 0:00:01]} Qe7 {[%emt 0:00:34]} 13. Rae1 {[%emt 0:00:01]} c5 {[%emt 0:00:02]} 14. d5 {[%emt 0:00:00]} c4 {[%emt 0:00:10]} 15. Bc2 {[%emt 0:00:06]} Ne8 {[%emt 0:01:22]} 16. h4 {[%emt 0:00:34]} Ndf6 {[%emt 0:00:35]} 17. Bg5 {[%emt 0:00:02]} Qc7 {[%emt 0:00:01]} 18. h5 {[%emt 0:00:13]} Ng4 {[%emt 0:00:12]} 19. h6 {[%emt 0:03:08]} Bh8 {[%emt 0:00:34]} 20. Qd1 {[%emt 0:00:01]} Bf6 {[%emt 0:00:42]} 21. Bxf6 {[%emt 0:00:56]} Nexf6 {[%emt 0:00:04]} 22. Qd2 {[%emt 0:00:04]} Bc8 {[%emt 0:00:39]} 23. Qg5 {[%emt 0:00:05]} Kh8 {[%emt 0:00:18]} 24. Nh2 {[%emt 0:00:39]} Qd8 {[%emt 0:00:11]} 25. Nf5 {[%emt 0:00:46]} Nxh2 {[%emt 0:00:20]} 26. f4 {[%emt 0:00:56]} Nfg4 {[%emt 0:00:27]} 27. Ne7 {[%emt 0:00:37]} f6 {[%emt 0:00:12]} 28. Nxg6+ {[%emt 0:00:10]} hxg6 {[%emt 0:00:02]} 29. Qxg6 {[%emt 0:00:00]} Rg8 {[%emt 0:00:11]} 30. Qh5 {[%emt 0:00:02]} Nxf1 {[%emt 0:00:08]} 31. Rxf1 {[%emt 0:00:01]} Qe8 {[%emt 0:00:10]} 32. Qh4 {[%emt 0:00:01]} Qg6 {[%emt 0:00:03]} 33. fxe5 {[%emt 0:00:06]} dxe5 {[%emt 0:00:03]} 34. Rf3 {[%emt 0:00:13]} Ra7 {[%emt 0:00:08]} 35. Rg3 {[%emt 0:00:12]} Rh7 {[%emt 0:00:04]} 0-1

[Event "African Games-chT 2019"]
[Site "Casablanca"]
[Date "2019.08.25"]
[Round "8.19"]
[White "Caxita, Esperanca"]
[Black "Mayar ElIdrissi, Firdaous"]
[Result "0-1"]
[WhiteElo "1803"]
[BlackElo "1760"]
[Annotator "NA"]
[PlyCount "96"]
[EventDate "2019.08.24"]
[EventType "team-tourn"]
[EventCountry "MAR"]
[SourceTitle "playchess.com"]
[Source "ChessBase"]
[SourceQuality "1"]
[WhiteTeam "Angola"]
[BlackTeam "Morocco"]
[WhiteTeamCountry "ANG"]
[BlackTeamCountry "MAR"]
[TimeControl "900+10"]

1. e4 {[%emt 0:00:00]} c5 {[%emt 0:00:00]} 2. f4 {[%emt 0:00:00]} e6 {[%emt 0:00:15]} 3. Nf3 {[%emt 0:00:11]} g6 {[%emt 0:00:05]} 4. d4 {[%emt 0:00:04]} cxd4 {[%emt 0:01:01]} 5. Qxd4 {[%emt 0:00:01]} Qf6 {[%emt 0:00:37]} 6. Nc3 {[%emt 0:00:36]} Qxd4 {[%emt 0:00:46]} 7. Nxd4 {[%emt 0:00:02]} a6 8. Be3 {[%emt 0:00:09]} Bg7 {[%emt 0:01:02]} 9. O-O-O {[%emt 0:00:09]} Ne7 {[%emt 0:00:30]} 10. h3 {[%emt 0:00:15]} Nbc6 {[%emt 0:00:31]} 11. Na4 {[%emt 0:01:13]} b5 {[%emt 0:02:06]} 12. Nb6 {[%emt 0:01:02]} Rb8 {[%emt 0:00:12]} 13. Nxc8 {[%emt 0:00:04]} Rxc8 {[%emt 0:00:02]} 14. Kb1 {[%emt 0:00:38]} d5 {[%emt 0:00:03]} 15. e5 {[%emt 0:03:04]} O-O {[%emt 0:02:46]} 16. a4 {[%emt 0:01:41]} Nxd4 {[%emt 0:00:15]} 17. Bxd4 bxa4 {[%emt 0:01:01]} 18. Bxa6 {[%emt 0:00:05]} Ra8 {[%emt 0:00:02]} 19. Bb5 {[%emt 0:00:27]} Ra5 {[%emt 0:00:11]} 20. Bd3 {[%emt 0:01:17]} Rb8 {[%emt 0:00:01]} 21. Bc3 {[%emt 0:00:17]} Rc5 {[%emt 0:00:03]} 22. Ka2 {[%emt 0:00:43]} Nc6 {[%emt 0:00:48]} 23. Ka3 {[%emt 0:00:27]} Bf8 {[%emt 0:02:00]} 24. Ka2 {[%emt 0:00:08]} a3 {[%emt 0:00:40]} 25. Bd2 {[%emt 0:02:48]} Rxb2+ {[%emt 0:00:15]} 26. Ka1 {[%emt 0:00:10]} Nd4 {[%emt 0:00:46]} 27. Rc1 {[%emt 0:02:03]} Nxc2+ {[%emt 0:00:59]} 28. Bxc2 {[%emt 0:00:03]} Rcxc2 {[%emt 0:00:05]} 29. Rxc2 {[%emt 0:00:02]} Rxc2 {[%emt 0:00:01]} 30. Rd1 {[%emt 0:00:02]} h5 31. g4 {[%emt 0:00:17]} hxg4 {[%emt 0:00:44]} 32. hxg4 {[%emt 0:00:03]} Bc5 {[%emt 0:00:00]} 33. Bc1 {[%emt 0:00:32]} a2 {[%emt 0:01:06]} 34. g5 {[%emt 0:00:32]} Bb4 {[%emt 0:00:38]} 35. Bb2 {[%emt 0:00:31]} Rf2 {[%emt 0:00:21]} 36. Rd4 {[%emt 0:00:43]} Be1 {[%emt 0:00:46]} 37. Rd1 {[%emt 0:00:37]} Ba5 {[%emt 0:00:06]} 38. Rd4 {[%emt 0:00:02]} Bb6 {[%emt 0:00:05]} 39. Rb4 {[%emt 0:00:20]} Be3 {[%emt 0:00:03]} 40. Kxa2 {[%emt 0:00:10]} Bxf4 {[%emt 0:00:07]} 41. Kb3 {[%emt 0:00:08]} Bxg5 {[%emt 0:00:05]} 42. Rb8+ {[%emt 0:00:01]} Kg7 {[%emt 0:00:00]} 43. Ba3 {[%emt 0:00:01]} Rf3+ {[%emt 0:00:02]} 44. Ka4 {[%emt 0:00:01]} Re3 {[%emt 0:00:05]} 45. Bf8+ {[%emt 0:00:02]} Kh7 {[%emt 0:00:05]} 46. Bd6 {[%emt 0:00:02]} Bf4 {[%emt 0:00:13]} 47. Rb7 {[%emt 0:00:05]} Kg7 {[%emt 0:00:10]} 48. Bc5 {[%emt 0:00:03]} Re4+ {[%emt 0:00:04]} 0-1

[Event "African Games-chT 2019"]
[Site "Casablanca"]
[Date "2019.08.25"]
[Round "8.20"]
[White "Rania, Sbai"]
[Black "Pires, Luzia"]
[Result "1-0"]
[WhiteElo "1853"]
[BlackElo "1924"]
[Annotator "NA"]
[PlyCount "79"]
[EventDate "2019.08.24"]
[EventType "team-tourn"]
[EventCountry "MAR"]
[SourceTitle "playchess.com"]
[Source "ChessBase"]
[SourceQuality "1"]
[WhiteTeam "Morocco"]
[BlackTeam "Angola"]
[WhiteTeamCountry "MAR"]
[BlackTeamCountry "ANG"]
[TimeControl "900+10"]

1. d4 {[%emt 0:00:00]} d5 {[%emt 0:00:00]} 2. c4 {[%emt 0:00:00]} c6 {[%emt 0:00:00]} 3. Nc3 {[%emt 0:00:01]} e6 {[%emt 0:00:00]} 4. Nf3 {[%emt 0:00:07]} Nf6 {[%emt 0:00:08]} 5. e3 {[%emt 0:00:06]} Bd6 {[%emt 0:00:20]} 6. Qc2 {[%emt 0:00:17]} O-O {[%emt 0:00:12]} 7. Bd3 {[%emt 0:00:59]} h6 {[%emt 0:00:01]} 8. e4 {[%emt 0:02:04]} dxe4 {[%emt 0:00:14]} 9. Nxe4 {[%emt 0:00:01]} Nxe4 {[%emt 0:00:27]} 10. Bxe4 {[%emt 0:00:06]} Bb4+ {[%emt 0:00:15]} 11. Bd2 {[%emt 0:00:03]} Bxd2+ {[%emt 0:00:13]} 12. Qxd2 {[%emt 0:00:01]} Nd7 {[%emt 0:00:08]} 13. O-O {[%emt 0:00:04]} Nf6 {[%emt 0:01:23]} 14. Bc2 {[%emt 0:00:07]} Qb6 {[%emt 0:00:27]} 15. Qc3 {[%emt 0:00:15]} c5 {[%emt 0:00:15]} 16. dxc5 {[%emt 0:02:37]} Qxc5 {[%emt 0:00:04]} 17. b4 {[%emt 0:00:05]} Qc7 {[%emt 0:00:09]} 18. c5 {[%emt 0:00:48]} Bd7 {[%emt 0:00:18]} 19. Ne5 {[%emt 0:00:54]} Bb5 {[%emt 0:00:26]} 20. Rfe1 {[%emt 0:00:09]} Nd5 {[%emt 0:00:04]} 21. Qb3 {[%emt 0:00:36]} Rfd8 {[%emt 0:00:52]} 22. a4 Be8 {[%emt 0:00:13]} 23. Rac1 {[%emt 0:00:58]} Qe7 {[%emt 0:02:50]} 24. Nc4 {[%emt 0:01:45]} Qg5 {[%emt 0:01:20]} 25. Nd6 {[%emt 0:01:51]} b6 {[%emt 0:03:29]} 26. Ne4 {[%emt 0:01:32]} Qe7 {[%emt 0:00:57]} 27. Nd6 {[%emt 0:00:49]} Qg5 {[%emt 0:00:26]} 28. Ne4 {[%emt 0:00:01]} Qh5 {[%emt 0:00:19]} 29. Bd1 {[%emt 0:00:36]} Qg6 {[%emt 0:00:33]} 30. c6 {[%emt 0:00:13]} Rac8 {[%emt 0:00:26]} 31. b5 {[%emt 0:00:01]} Nf4 {[%emt 0:00:07]} 32. Bf3 {[%emt 0:01:43]} Nd3 {[%emt 0:00:08]} 33. Red1 {[%emt 0:01:11]} Nxc1 {[%emt 0:00:15]} 34. Rxd8 {[%emt 0:00:23]} Nxb3 {[%emt 0:01:15]} 35. Rxc8 {[%emt 0:00:01]} f6 {[%emt 0:00:15]} 36. c7 {[%emt 0:00:24]} Kh7 {[%emt 0:00:21]} 37. Rd8 {[%emt 0:00:06]} f5 {[%emt 0:01:26]} 38. c8=Q {[%emt 0:00:08]} fxe4 {[%emt 0:00:42]} 39. Rxe8 {[%emt 0:00:02]} Qf6 {[%emt 0:00:09]} 40. Bxe4+ {[%emt 0:00:12]} 1-0